LEADER 00912nam0-2200301---450- 001 990008544850403321 005 20071126140453.0 035 $a000854485 035 $aFED01000854485 035 $a(Aleph)000854485FED01 035 $a000854485 100 $a20070829d1959----km-y0itay50------ba 101 0 $aita 102 $aIT 105 $aa---a---001yy 200 1 $a<>pittura del Seicento a Venezia$ecatalogo della mostra$eVenezia, Ca' Pesaro, 27 giugno-25 ottobre 1959 205 $aseconda edizione definitiva 210 $aVenezia$cAlfieri$d1959 215 $aXXXIV, 241 p.$d22 cm 610 0 $aPittura$aVenezia$aSec.17.$aEsposizioni$aDisegno 676 $a759.531 801 0$aIT$bUNINA$gRICA$2UNIMARC 901 $aBK 912 $a990008544850403321 952 $a759.531 CONV VENEZIA 1959$bBibl.$fFLFBC 959 $aFLFBC 996 $aPittura del Seicento a Venezia$9268788 997 $aUNINA LEADER 00959nam2-22003611i-450- 001 990001488840403321 010 $a1-57146-002-0 035 $a000148884 035 $aFED01000148884 035 $a(Aleph)000148884FED01 035 $a000148884 100 $a20020117d1997----km-y0itay50------ba 101 0 $aeng 102 $aUS 105 $aa---a---001yy 200 1 $aLectures on harmonic maps$fR. Schoen, S.T. Yau$vVol. 2 210 $aCambridge, MA$cInternational Press$dc1997 215 $a394 p.$cill.$d26 cm 461 1$1001000148881 610 0 $aMappe armoniche 676 $a514.74$v21 700 1$aSchoen,$bRichard M.$032202 701 1$aYau,$bShing-Tung$0345838 801 0$aIT$bUNINA$gRICA$2UNIMARC 901 $aBK 912 $a990001488840403321 952 $aMAI-53-015$b18757$fMA1 959 $aMA1 962 $a53-02 962 $a58E20 962 $a53C42 996 $aLectures on harmonic maps$9377944 997 $aUNINA